[Event "XXX Ogolnopolski Turniej Juniorow FERIE 2013"]
[Site "Bydgoszcz"]
[Date "1899-12-30"]
[Round "1.1"]
[White "Mikolajczak, Wojciech"]
[Black "Wierzbowska, Aleksandra"]
[Result "1-0"]
[WhiteTitle "II+"]
[BlackTitle "II"]
[WhiteElo "1738"]
[BlackElo "1490"]

1. c4 e5 2. Nc3 Nf6 3. g3 Bc5 4. Bg2 d6 5. e3 O-O 6. Nge2 Nc6 7. O-O Re8 8. Re1
e4 9. Nf4 Bg4 10. Qb3 Qc8 11. d4 exd3 12. Nxd3 Qf5 13. Nd5 Nxd5 14. cxd5 Ne5 15.
Nxe5 Qxe5 16. Qxb7 Rab8 17. Qa6 Qh5 18. a3 Bf3 19. Qd3 Re5 20. e4 Bxg2 21. Kxg2
Rbe8 22. Bf4 R5e7 23. b4 Bb6 24. a4 a5 25. b5 Qg6 26. f3 Qf6 27. Rac1 Qb2+ 28.
Re2 Qf6 29. Be3 h5 30. Bxb6 cxb6 31. Qe3 Rb7 32. Rc6 Qd8 33. h4 Re5 34. Rec2 Kh7
35. Rc8 Qd7 36. Qc3 Re7 37. Qd3 g6 38. Qc3 Re8 39. Rxe8 Qxe8 40. Qf6 Qb8 41. f4
Rc7 42. Rc6 Qc8 43. f5 Rxc6 44. Qxf7+ 1-0

[Event "XXX Ogolnopolski Turniej Juniorow FERIE 2013"]
[Site "Bydgoszcz"]
[Date "1899-12-30"]
[Round "1.2"]
[White "Paliwoda, Borys"]
[Black "Wisniewski, Szymon"]
[Result "0-1"]
[WhiteTitle "II"]
[BlackTitle "II"]
[WhiteElo "1481"]
[BlackElo "1718"]

1. e4 c5 2. Nf3 d6 3. d4 cxd4 4. Nxd4 Nf6 5. f3 g6 6. c4 Bg7 7. Nc3 O-O 8. Be3
Nc6 9. Nc2 Be6 10. Qd2 Rc8 11. Rc1 a6 12. b3 Qa5 13. Nd4 Nxd4 14. Bxd4 b5 15.
Nb1 Qxd2+ 16. Nxd2 Rc6 17. Bd3 Rfc8 18. Be3 Nd7 19. f4 Bh6 20. Kf2 Nc5 21. Bxc5
Rxc5 22. g3 Bg7 23. Ke3 b4 24. Rc2 a5 25. Nf3 a4 26. Nd4 Ra5 27. Rb1 Bxd4+ 28.
Kxd4 Rca8 29. Rcb2 axb3 30. axb3 Ra2 31. c5 dxc5+ 32. Kxc5 Rc8+ 33. Kxb4 Ra7 34.
Rc2 Rb8+ 35. Kc3 Rc7+ 36. Kd2 Rcb7 37. Bc4 Bxc4 38. Rxc4 Rxb3 39. Rc8+ Rxc8 40.
Rxb3 Ra8 41. Rb2 Ra3 42. Ke2 Kg7 43. Rd2 Kf6 44. Rd3 Ra2+ 45. Rd2 Ra4 46. Kf3
h5 47. Re2 g5 48. fxg5+ Kxg5 49. h4+ Kg6 50. Re3 Ra1 51. Kf4 Rf1+ 52. Rf3 e5+
53. Ke3 Rxf3+ 54. Kxf3 f5 55. Ke3 fxe4 56. Kxe4 Kf6 57. Ke3 Kf5 58. Kf3 e4+ 59.
Ke3 Ke5 60. Ke2 Kf6 61. Kf2 Kf5 62. Ke3 Ke5 63. Ke2 Kd4 64. Kd2 e3+ 65. Ke2 Ke4
66. Ke1 Kf3 67. Kf1 e2+ 68. Ke1 Ke3 69. g4 hxg4 70. h5 g3 71. h6 g2 72. h7 g1=R#
0-1

[Event "XXX Ogolnopolski Turniej Juniorow FERIE 2013"]
[Site "Bydgoszcz"]
[Date "1899-12-30"]
[Round "1.3"]
[White "Budnik, Mateusz"]
[Black "Kopaczewski, Adam"]
[Result "1-0"]
[WhiteTitle "II"]
[BlackTitle "II"]
[WhiteElo "1698"]
[BlackElo "1456"]

1. f4 e5 2. fxe5 d6 3. exd6 Bxd6 4. Nf3 Bg4 5. g3 Nf6 6. Nc3 O-O 7. d4 Nc6 8. Bg2
Bxf3 9. Bxf3 Nxd4 10. Bxb7 Rb8 11. Bg2 Ng4 12. e3 Re8 13. O-O Nxh2 14. exd4 Nxf1
15. Kxf1 Bxg3 16. Ne4 Bd6 17. c3 Rb5 18. Qd3 Rf5+ 19. Ke2 Qh4 20. Bd2 Rf2+ 21.
Kd1 Rxg2 22. Nxd6 cxd6 23. Rc1 Rg1+ 24. Kc2 Rxc1+ 25. Kxc1 Qh1+ 26. Kc2 Qe4 27.
c4 Qxd3+ 28. Kxd3 h5 29. Bf4 Re6 30. b4 f6 31. d5 Re1 32. Bxd6 Kf7 33. c5 Ke8
34. c6 Kd8 35. Kc4 Re3 36. a4 h4 37. Kb5 f5 38. Ka6 Kc8 39. b5 Re4 40. a5 Ra4
41. Be7 h3 42. d6 Rd4 43. Kxa7 Ra4 1-0

[Event "XXX Ogolnopolski Turniej Juniorow FERIE 2013"]
[Site "Bydgoszcz"]
[Date "1899-12-30"]
[Round "1.4"]
[White "Kulpinski, Jakub"]
[Black "Kroczka, Gromoslaw"]
[Result "0-1"]
[WhiteTitle "III"]
[BlackTitle "II"]
[WhiteElo "1406"]
[BlackElo "1638"]

1. e4 c5 2. Nf3 Nc6 3. Bb5 d6 4. Bxc6+ bxc6 5. d3 g6 6. Be3 Bg7 7. c3 e5 8. Qd2
f5 9. exf5 Bxf5 10. c4 Nf6 11. Nc3 O-O 12. h3 a5 13. g4 Bc8 14. Ng5 a4 15. a3
Qa5 16. Rc1 d5 17. Nd1 Qxd2+ 18. Bxd2 h6 19. Nf3 Nxg4 20. Ke2 Nf6 21. cxd5 cxd5
22. Nxe5 Re8 23. f4 Nd7 24. Nc3 Nxe5 25. fxe5 Rxe5+ 26. Kd1 Bb7 27. Re1 Rxe1+
28. Bxe1 Bc6 29. Bf2 c4 30. d4 Rf8 31. Ke2 Kf7 32. Rf1 Ke6 33. Be3 Rxf1 34. Kxf1
Kf5 35. Kf2 g5 36. Kg3 h5 37. h4 g4 38. Kg2 Bf6 39. Kg3 Bd8 40. Bf2 Be7 41. Be3
Bf6 42. Bf2 Bd8 43. Be3 Be7 44. Bf2 Bd6+ 45. Kg2 Bf4 46. Ne2 Bd2 47. Ng3+ Kg6
48. Ne2 Kf6 49. Kg1 c3 50. bxc3 Bb5 51. Ng3 Kg6 52. Nf1 Bxf1 53. Kxf1 Bxc3 54.
Be3 Kf5 55. Kf2 Ke4 56. Ke2 Bxd4 57. Bxd4 Kxd4 0-1

[Event "XXX Ogolnopolski Turniej Juniorow FERIE 2013"]
[Site "Bydgoszcz"]
[Date "1899-12-30"]
[Round "1.5"]
[White "Wojnarowski, Szymon"]
[Black "Walczak, Mikolaj"]
[Result "0-1"]
[WhiteTitle "II"]
[BlackTitle "III"]
[WhiteElo "1612"]
[BlackElo "1399"]

1. d4 Nf6 2. Nf3 g6 3. c4 Bg7 4. Nc3 O-O 5. e4 d6 6. Be2 e5 7. d5 Nbd7 8. O-O a5
9. b3 Nc5 10. Qc2 Ne8 11. a3 f5 12. Rb1 fxe4 13. Nxe4 Bf5 14. Bd3 Nxd3 15. Qxd3
Nf6 16. Nfd2 Nh5 17. b4 Nf4 18. Qb3 Ne2+ 19. Kh1 Nd4 20. Qg3 axb4 21. Rxb4 b6
22. Bb2 Ne2 23. Qe3 Nf4 24. Ng3 Qg5 25. Nf3 Qg4 26. h3 Nxg2 27. Kxg2 Qxh3+ 28.
Kg1 Bh6 29. Qc3 Bf4 30. Nh2 Be4 31. Nf3 Bxg3 32. fxg3 Qxg3+ 33. Kh1 Rxf3 0-1

[Event "XXX Ogolnopolski Turniej Juniorow FERIE 2013"]
[Site "Bydgoszcz"]
[Date "1899-12-30"]
[Round "1.6"]
[White "Blocinski, Maciej"]
[Black "Dobosz, Kacper"]
[Result "1/2-1/2"]
[WhiteTitle "II"]
[BlackTitle "II"]
[WhiteElo "1375"]
[BlackElo "1609"]

1. d4 Nf6 2. c4 g6 3. Nc3 Bg7 4. e4 d6 5. f4 O-O 6. Nf3 c5 7. d5 Ne8 8. Qc2 f5
9. e5 e6 10. Be3 b6 11. Rd1 Qe7 12. Be2 Bb7 13. Qd3 dxe5 14. fxe5 exd5 15. Nxd5
Qe6 16. Qc3 h6 17. Nf4 Qc6 18. Nd5 Qe6 19. Nf4 Qc6 20. Nd5 Qe6 21. Nf4 1/2-1/2

[Event "XXX Ogolnopolski Turniej Juniorow FERIE 2013"]
[Site "Bydgoszcz"]
[Date "1899-12-30"]
[Round "1.7"]
[White "Matewski, Marcin"]
[Black "Chalas, Dawid"]
[Result "1-0"]
[WhiteTitle "II+"]
[BlackTitle "II"]
[WhiteElo "1608"]
[BlackElo "1343"]

1. e4 e5 2. Nf3 Nc6 3. d4 exd4 4. Nxd4 Bc5 5. Be3 Bb6 6. Nc3 d6 7. Bb5 Bd7 8. O-O
Nge7 9. Qd2 O-O 10. Rae1 Ba5 11. a3 a6 12. Bc4 Ne5 13. Ba2 c5 14. Nde2 Be6 15.
Bd5 Bxd5 16. exd5 Nc4 17. Qc1 b5 18. b4 Bb6 19. Bf4 f6 20. Ne4 Ne5 21. Bxe5 fxe5
22. Qd2 c4 23. c3 h6 24. Kh1 Ng6 25. f4 Qd7 26. N4g3 Rf7 27. f5 Nh8 28. f6 Qg4
29. fxg7 Kxg7 30. Rxf7+ Nxf7 31. Rf1 Rf8 32. Nf5+ Kg8 33. Neg3 Bd8 34. Qxh6 Qg5
35. Qxg5+ Bxg5 36. Ne4 Nh6 37. Nxg5 Rxf5 38. Rxf5 Nxf5 39. Ne4 Ne3 40. Nxd6 Nxd5
41. Ne4 Kf7 42. h4 Kg6 43. g4 Ne3 44. Nc5 Nxg4 45. Nxa6 e4 46. Kg1 e3 47. Kf1
Kf5 48. Nc7 Ke4 49. Ke2 Nf2 50. Nxb5 Nd3 51. Nd6+ Kf4 52. Nxc4 Nc1+ 53. Kd1 e2+
54. Ke1 Kf3 55. Nb2 Ke3 56. h5 Nb3 57. h6 Na1 58. Nc4+ Kd3 59. Kf2 Nc2 60. Ne5+
Kd2 61. Nf3+ Kd1 62. h7 Nxa3 63. h8=Q 1-0

[Event "XXX Ogolnopolski Turniej Juniorow FERIE 2013"]
[Site "Bydgoszcz"]
[Date "1899-12-30"]
[Round "1.8"]
[White "Napierala, Jakub"]
[Black "Kowalski, Roman"]
[Result "1/2-1/2"]
[WhiteTitle "III"]
[BlackTitle "II"]
[WhiteElo "1311"]
[BlackElo "1602"]

1. e4 e5 2. Nf3 Nf6 3. Nc3 Nc6 4. d4 exd4 5. Nxd4 Bb4 6. Nxc6 bxc6 7. Bd3 O-O 8.
O-O Re8 9. Re1 d5 10. exd5 cxd5 11. Bd2 Bb7 12. Bb5 c6 13. Ba4 Rxe1+ 14. Qxe1
Qe8 15. a3 Bd6 16. Bg5 Qe5 17. Qxe5 Bxe5 18. Re1 Bxc3 19. bxc3 Ne4 20. Bf4 g5
21. Be5 Re8 22. Bd4 Re6 23. Bxa7 Nxc3 24. Rxe6 fxe6 25. Bb3 Ba6 26. Bc5 Kf7 27.
f3 e5 28. Kf2 Kf6 29. g3 h5 30. Kg2 d4 31. f4 Ne4 32. fxe5+ Kxe5 33. Bb6 c5 34.
Bd8 c4 35. Ba4 d3 36. Ba5 d2 37. c3 Bb7 38. Kf1 Nc5 39. Bd1 g4 40. Ke2 Nb3 41.
Bxb3 cxb3 42. Kxd2 Be4 43. Kc1 Kd5 44. Kb2 1/2-1/2

[Event "XXX Ogolnopolski Turniej Juniorow FERIE 2013"]
[Site "Bydgoszcz"]
[Date "1899-12-30"]
[Round "1.9"]
[White "Okonski, Mateusz"]
[Black "Jozwik, Kacper"]
[Result "1/2-1/2"]
[WhiteTitle "III"]
[BlackTitle "III"]
[WhiteElo "1579"]
[BlackElo "1309"]

1. e4 c5 2. Nf3 e6 3. Nc3 a6 4. Be2 b5 5. a3 Bb7 6. d3 Nf6 7. Bf4 d6 8. O-O Nc6
9. Re1 Be7 10. e5 dxe5 11. Nxe5 Nxe5 12. Bxe5 O-O 13. Bf3 Bxf3 14. Qxf3 Nd7 15.
Bg3 Qc8 16. Ne4 f5 17. Nd6 Bxd6 18. Bxd6 Re8 19. Re2 Nf6 20. Rae1 Ra7 21. Qe3
Ng4 22. Qxc5 Qxc5 23. Bxc5 Rc7 24. b4 Rc6 25. c4 Nf6 26. f3 Nd7 27. cxb5 axb5
28. d4 Nxc5 29. dxc5 Kf7 30. Rd2 Ra6 31. Rd7+ Re7 32. Rxe7+ Kxe7 33. Re3 Kd7 34.
Rd3+ Kc7 35. Kf2 e5 36. Re3 Re6 37. f4 e4 38. h3 h5 39. Rg3 g6 40. Re3 h4 1/2-1/2

[Event "XXX Ogolnopolski Turniej Juniorow FERIE 2013"]
[Site "Bydgoszcz"]
[Date "1899-12-30"]
[Round "1.10"]
[White "Wloch, Mikolaj"]
[Black "Proczek, Mateusz"]
[Result "0-1"]
[WhiteTitle "III"]
[BlackTitle "II"]
[WhiteElo "1287"]
[BlackElo "1554"]

1. e4 e6 2. d4 d5 3. e5 c5 4. c3 Nc6 5. Nf3 Qb6 6. Na3 Nge7 7. Be2 Ng6 8. O-O Bd7
9. Rb1 cxd4 10. cxd4 Bxa3 11. Be3 Be7 12. Qd2 O-O 13. Rfd1 Rac8 14. h3 Qa5 15.
Qxa5 Nxa5 16. Bd2 Nc4 17. Bxc4 Rxc4 18. Bc3 Nf4 19. Kf1 Bb5 20. Kg1 Ne2+ 21. Kh2
Nxc3 22. bxc3 a6 23. Rdc1 Rfc8 24. Rb3 Ra4 25. Rbb1 Rxa2 0-1

[Event "XXX Ogolnopolski Turniej Juniorow FERIE 2013"]
[Site "Bydgoszcz"]
[Date "1899-12-30"]
[Round "1.11"]
[White "Skoczek, Karolina"]
[Black "Borkowska, Zuzanna"]
[Result "0-1"]
[WhiteTitle "II+"]
[BlackTitle "II"]
[WhiteElo "1548"]
[BlackElo "1247"]

1. e4 e5 2. Nf3 Nc6 3. d4 exd4 4. c3 dxc3 5. Nxc3 Bb4 6. Bc4 Nf6 7. O-O Bxc3 8.
bxc3 d6 9. Bg5 O-O 10. Qc2 h6 11. Bh4 Bg4 12. Nd4 Ne5 13. Bb3 Ng6 14. Bg3 Re8
15. f3 Bd7 16. Rae1 c5 17. Ne2 Qb6 18. Kh1 Nh5 19. Bf2 Qc6 20. Bd5 Qc7 21. Qb3
Bc6 22. Ng3 Nhf4 23. Bc4 a6 24. Nf5 Ne5 25. Bg3 Nxc4 26. Bxf4 b5 27. Rd1 Rad8
28. Qc2 a5 29. Qf2 Re6 30. Qxc5 dxc5 31. Bxc7 Rxd1 32. Rxd1 Bb7 33. Rd8+ Kh7 34.
Bd6 g6 35. Rd7 gxf5 36. Rxf7+ Kg6 37. Rxf5 Rxd6 38. Rxc5 0-1

[Event "XXX Ogolnopolski Turniej Juniorow FERIE 2013"]
[Site "Bydgoszcz"]
[Date "1899-12-30"]
[Round "1.12"]
[White "Losinska, Aleksandra"]
[Black "Szortyka, Dominik"]
[Result "1/2-1/2"]
[WhiteTitle "III"]
[BlackTitle "II"]
[WhiteElo "1190"]
[BlackElo "1541"]

1. e4 e6 2. d4 d5 3. e5 c5 4. c3 Nc6 5. Nf3 Qb6 6. Bd3 cxd4 7. cxd4 Bd7 8. Bc2
Bb4+ 9. Nc3 Nge7 10. a3 Bxc3+ 11. bxc3 Na5 12. Rb1 Qc7 13. Bb2 Nc4 14. Qc1 Rc8
15. Ba1 O-O 16. O-O f6 17. Re1 Nc6 18. Bb3 fxe5 19. Bxc4 dxc4 20. Nxe5 Nxe5 21.
Rxe5 Rf5 22. Rxf5 exf5 23. Qe3 Re8 24. Qf3 Qc6 25. Qxc6 Bxc6 26. Kf1 Kf7 27. f3
Kf6 28. Re1 Rxe1+ 29. Kxe1 g5 30. Kf2 g4 31. fxg4 fxg4 32. Ke3 b5 33. Bb2 h5 34.
Bc1 Bd5 35. Bb2 a6 36. Bc1 1/2-1/2

[Event "XXX Ogolnopolski Turniej Juniorow FERIE 2013"]
[Site "Bydgoszcz"]
[Date "1899-12-30"]
[Round "2.2"]
[White "Wisniewski, Szymon"]
[Black "Perenc, Pawel"]
[Result "1-0"]
[WhiteTitle "II"]
[BlackTitle "II"]
[WhiteElo "1718"]
[BlackElo "1519"]

1. f4 e6 2. Nf3 Nc6 3. b3 d5 4. e3 Nf6 5. Bb2 Be7 6. Bb5 Bd7 7. Bxc6 Bxc6 8. Ne5
Bb5 9. d3 Bd6 10. O-O Bxe5 11. fxe5 Nd7 12. Qh5 Qe7 13. Nd2 O-O 14. Rf3 Bc6 15.
Rh3 h6 16. Rg3 Kh8 17. Rf1 Qe8 18. Rf6 g6 19. Qxh6+ Kg8 20. Rh3 Ba4 21. Qh8# 1-0

[Event "XXX Ogolnopolski Turniej Juniorow FERIE 2013"]
[Site "Bydgoszcz"]
[Date "1899-12-30"]
[Round "2.3"]
[White "Walczak, Mikolaj"]
[Black "Budnik, Mateusz"]
[Result "1/2-1/2"]
[WhiteTitle "III"]
[BlackTitle "II"]
[WhiteElo "1399"]
[BlackElo "1698"]

1. e4 e6 2. d4 d5 3. Nc3 Bb4 4. Qd3 Nc6 5. Nf3 Nf6 6. exd5 exd5 7. Bg5 O-O 8. a3
Bxc3+ 9. bxc3 Re8+ 10. Be2 Qd6 11. Bxf6 Qxf6 12. O-O Bf5 13. Qb5 a6 14. Qxb7 Ra7
15. Qb3 Rxe2 16. Rfe1 Rxe1+ 17. Rxe1 Qd8 18. Qxd5 Bd7 19. Ng5 Qf8 20. Qxd7 Nb8
21. Qg4 c6 22. d5 Re7 23. Rd1 Qe8 24. Kf1 Qd8 25. Qf4 h6 26. Nf3 cxd5 27. c4 g5
28. Qf5 Qc7 29. cxd5 Rd7 30. Ne5 Rd6 31. c4 Qe7 32. Rb1 Rd8 33. Rxb8 Rxb8 34.
Nc6 Qxa3 35. Nxb8 Qc1+ 36. Ke2 Qb2+ 37. Kf3 Qxb8 38. Qd3 Qf4+ 39. Ke2 Qe5+ 40.
Kf3 1/2-1/2

[Event "XXX Ogolnopolski Turniej Juniorow FERIE 2013"]
[Site "Bydgoszcz"]
[Date "1899-12-30"]
[Round "2.5"]
[White "Borkowska, Zuzanna"]
[Black "Matewski, Marcin"]
[Result "0-1"]
[WhiteTitle "II"]
[BlackTitle "II+"]
[WhiteElo "1247"]
[BlackElo "1608"]

1. e4 e6 2. d4 d5 3. e5 c5 4. c3 Nc6 5. Nf3 Qb6 6. Be2 Nge7 7. Na3 Nf5 8. Nc2 cxd4
9. cxd4 Bb4+ 10. Kf1 O-O 11. a3 Be7 12. b4 Bd7 13. Bb2 Rfc8 14. Bd3 Nd8 15. Bxf5
exf5 16. Ne3 Qe6 17. Qb3 Kh8 18. Qxd5 Qa6+ 19. Ke1 Be6 20. Qa5 Qxa5 21. bxa5 f4
22. Nd1 Rc2 23. Bc3 Rc8 24. Bd2 g5 25. h3 h5 26. h4 g4 27. Ng5 Bd5 28. Rh2 Nc6
29. Bxf4 Nxd4 30. Ne3 Bc4 31. Nxc4 R2xc4 32. Ra2 Nc2+ 33. Kd2 Rxf4 34. g3 Rd4+
35. Ke2 Kg7 36. Rh1 Rd5 37. Rc1 Nd4+ 38. Kd1 Nb3+ 0-1

[Event "XXX Ogolnopolski Turniej Juniorow FERIE 2013"]
[Site "Bydgoszcz"]
[Date "1899-12-30"]
[Round "2.6"]
[White "Dobosz, Kacper"]
[Black "Napierala, Jakub"]
[Result "1-0"]
[WhiteTitle "II"]
[BlackTitle "III"]
[WhiteElo "1609"]
[BlackElo "1311"]

1. e4 e6 2. d4 d5 3. Nc3 Bb4 4. e5 c5 5. a3 Bxc3+ 6. bxc3 Nc6 7. f4 Bd7 8. Nf3
c4 9. Be2 f6 10. O-O Qa5 11. Qe1 b5 12. Qg3 Kf8 13. Bd2 Rb8 14. Qh4 Qd8 15. Rf2
f5 16. Qxd8+ Nxd8 17. h3 Ne7 18. g4 Nf7 19. Re1 Rb6 20. Bf1 Ra6 21. Bc1 Nh6 22.
Rg2 Rg8 23. Nh4 g6 24. Be2 Be8 25. Nf3 Bd7 26. Ng5 Rg7 27. Rh2 Nf7 28. Nxf7 Rxf7
29. h4 Rg7 30. Kh1 Be8 31. Rg1 Bf7 32. h5 Kg8 33. h6 1-0

[Event "XXX Ogolnopolski Turniej Juniorow FERIE 2013"]
[Site "Bydgoszcz"]
[Date "1899-12-30"]
[Round "2.7"]
[White "Kowalski, Roman"]
[Black "Blocinski, Maciej"]
[Result "1-0"]
[WhiteTitle "II"]
[BlackTitle "II"]
[WhiteElo "1602"]
[BlackElo "1375"]

1. e4 e5 2. Nf3 Nc6 3. Bc4 Nf6 4. Nc3 Be7 5. O-O d6 6. h3 O-O 7. d4 exd4 8. Nxd4
Nxe4 9. Nxe4 d5 10. Nxc6 bxc6 11. Bd3 dxe4 12. Bxe4 Bb7 13. Bf4 Bd6 14. Qf3 Bxf4
15. Qxf4 Qd6 16. Qh4 f5 17. Bf3 f4 18. Rfe1 Rae8 19. Be4 g6 20. Qg4 Qb4 21. Qf3
Kg7 22. a3 Qa5 23. b4 Qb5 24. Qc3+ Kg8 25. a4 Qe5 26. Qxe5 Rxe5 27. f3 Rfe8 28.
Red1 Kf7 29. Rd7+ R8e7 30. Rad1 Rxd7 31. Rxd7+ Re7 32. Rd8 Re8 33. Rd4 Re7 34.
Rc4 Re6 35. b5 Ke7 36. bxc6 Ba6 37. Rd4 Rd6 38. c3 Rxd4 39. cxd4 Kd6 40. Kf2 Bc4
41. g3 fxg3+ 42. Kxg3 Bd5 43. Kf4 1-0

[Event "XXX Ogolnopolski Turniej Juniorow FERIE 2013"]
[Site "Bydgoszcz"]
[Date "1899-12-30"]
[Round "2.8"]
[White "Szortyka, Dominik"]
[Black "Okonski, Mateusz"]
[Result "1/2-1/2"]
[WhiteTitle "II"]
[BlackTitle "III"]
[WhiteElo "1541"]
[BlackElo "1579"]

1. e4 d6 2. d4 Nf6 3. Nc3 g6 4. Bg5 Bg7 5. Nf3 Nc6 6. Be2 O-O 7. O-O h6 8. Be3
a6 9. Qd2 Kh7 10. Rad1 b5 11. a3 b4 12. axb4 Nxb4 13. d5 e6 14. Na4 a5 15. dxe6
Nxe4 16. Qc1 Bxe6 17. Nd4 Bd7 18. Bf3 Bxa4 19. Bxe4 d5 20. b3 Bd7 21. Bf3 Rc8
22. c3 c5 23. Ne2 d4 24. cxb4 dxe3 25. Qxe3 Re8 26. Qf4 Qe7 27. bxa5 Bb5 28. Rfe1
Bc3 29. Rf1 Bxe2 30. Bxe2 Qxe2 31. Qxf7+ Bg7 32. g3 Qe6 33. Qxe6 Rxe6 34. Rd5
Ra6 35. Rc1 Rxa5 36. b4 Ra1 37. Rxa1 Bxa1 38. bxc5 Rc6 39. Kg2 Bc3 40. Rd7+ Kg8
41. Rd6 Rxd6 42. cxd6 Kf7 43. Kf3 Ke6 44. d7 Kxd7 45. h4 Ke6 46. h5 gxh5 47. Kg2
Kf5 48. f3 Be5 49. g4+ hxg4 50. fxg4+ Kxg4 51. Kh1 h5 52. Kg2 Bf6 53. Kh1 Kf3
54. Kh2 h4 55. Kg1 Bd4+ 56. Kh1 Kf2 57. Kh2 Bf6 58. Kh1 Kf3 59. Kh2 1/2-1/2

[Event "XXX Ogolnopolski Turniej Juniorow FERIE 2013"]
[Site "Bydgoszcz"]
[Date "1899-12-30"]
[Round "2.9"]
[White "Jozwik, Kacper"]
[Black "Losinska, Aleksandra"]
[Result "0-1"]
[WhiteTitle "III"]
[BlackTitle "III"]
[WhiteElo "1309"]
[BlackElo "1190"]

1. e4 c5 2. Nf3 Nc6 3. d4 cxd4 4. Nxd4 Nf6 5. Nc3 e5 6. Nf3 Bb4 7. Bd2 O-O 8. a3
Bc5 9. Bc4 Qb6 10. O-O Bd4 11. Nxd4 Qxd4 12. Bd3 Qd6 13. Nd5 Nxd5 14. exd5 Qxd5
15. Qh5 g6 16. Qg5 d6 17. Qf6 Qe6 18. Qh4 Nd4 19. Bh6 Re8 20. c3 Nf5 21. Bxf5
Qxf5 22. Rad1 Qe6 23. Rfe1 Bd7 24. Rd5 Bc6 25. Rd2 Rad8 26. Red1 d5 27. c4 d4
28. h3 Qf5 29. g4 Qf3 30. Kf1 Qg2+ 31. Ke2 Bf3+ 32. Kd3 Bxd1 33. Qf6 Qf3+ 34.
Qxf3 Bxf3 0-1

[Event "XXX Ogolnopolski Turniej Juniorow FERIE 2013"]
[Site "Bydgoszcz"]
[Date "1899-12-30"]
[Round "2.10"]
[White "Kopaczewski, Adam"]
[Black "Wojnarowski, Szymon"]
[Result "1-0"]
[WhiteTitle "II"]
[BlackTitle "II"]
[WhiteElo "1456"]
[BlackElo "1612"]

1. e4 c6 2. d4 d5 3. e5 Bf5 4. Nc3 e6 5. Nf3 Nd7 6. Be2 c5 7. Be3 Qc7 8. Qd2 a6
9. Nh4 Ne7 10. f4 h6 11. Nf3 Nc6 12. a3 b5 13. Bd3 Bxd3 14. Qxd3 b4 15. axb4 Nxb4
16. Qd2 Nb6 17. b3 cxd4 18. Bxd4 Bc5 19. Na4 Nxa4 20. Rxa4 Nxc2+ 21. Qxc2 Bb4+
22. Kd1 Qxc2+ 23. Kxc2 Rc8+ 24. Kb2 a5 25. Rc1 O-O 26. Raa1 Rxc1 27. Rxc1 Ra8
28. Bc5 Rb8 29. Nd4 Bd2 30. Rf1 Bb4 31. Nc6 Rc8 32. Ne7+ 1-0

[Event "XXX Ogolnopolski Turniej Juniorow FERIE 2013"]
[Site "Bydgoszcz"]
[Date "1899-12-30"]
[Round "2.12"]
[White "Wierzbowska, Aleksandra"]
[Black "Wloch, Mikolaj"]
[Result "1/2-1/2"]
[WhiteTitle "II"]
[BlackTitle "III"]
[WhiteElo "1490"]
[BlackElo "1287"]

1. d4 c5 2. d5 Nf6 3. Nc3 g6 4. e4 d6 5. Nf3 Bg4 6. Bg5 Bg7 7. Bb5+ Nbd7 8. O-O
a6 9. Bxf6 Bxf6 10. Bxd7+ Qxd7 11. Qd3 Bxf3 12. Qxf3 O-O 13. Qg3 Bxc3 14. Qxc3
f6 15. f4 b5 16. f5 g5 17. Rf3 b4 18. Qe3 Rf7 19. h4 g4 20. Rg3 h5 21. Qh6 Rh7
22. Qf4 a5 23. c3 Qb5 24. cxb4 axb4 25. Qf1 Qxf1+ 26. Kxf1 Rf7 27. Ke2 Rff8 28.
Kd3 Rfb8 29. Kc4 Kf7 30. Rb3 Ra4 31. Kd3 Ke8 32. Kc2 Kf7 33. a3 1/2-1/2

[Event "XXX Ogolnopolski Turniej Juniorow FERIE 2013"]
[Site "Bydgoszcz"]
[Date "1899-12-30"]
[Round "2.13"]
[White "Chalas, Dawid"]
[Black "Paliwoda, Borys"]
[Result "1/2-1/2"]
[WhiteTitle "II"]
[BlackTitle "II"]
[WhiteElo "1343"]
[BlackElo "1481"]

1. e4 c5 2. Nf3 e6 3. d4 cxd4 4. Nxd4 a6 5. Nc3 b5 6. a3 Bb7 7. Bd3 Qc7 8. O-O
d6 9. Be3 Nf6 10. Qd2 Be7 11. f4 Nbd7 12. Nf3 O-O 13. Rae1 Rad8 14. Bd4 e5 15.
Be3 Ng4 16. Kh1 Nxe3 17. Qxe3 Bf6 18. h3 h6 19. Nd5 Bxd5 20. exd5 exf4 21. Qxf4
Bxb2 22. a4 bxa4 23. Qxa4 Nc5 24. Qc4 Qd7 25. Be2 Rfe8 26. Rb1 Bf6 27. Rb6 Ne4
28. Kh2 Nc3 29. Nd2 Be5+ 30. Kh1 Rb8 31. Rc6 Qe7 32. Qg4 1/2-1/2

[Event "XXX Ogolnopolski Turniej Juniorow FERIE 2013"]
[Site "Bydgoszcz"]
[Date "1899-12-30"]
[Round "3.2"]
[White "Matewski, Marcin"]
[Black "Wisniewski, Szymon"]
[Result "0-1"]
[WhiteTitle "II+"]
[BlackTitle "II"]
[WhiteElo "1608"]
[BlackElo "1718"]

1. e4 c5 2. Nf3 d6 3. d4 cxd4 4. Nxd4 Nf6 5. Nc3 g6 6. Be3 Bg7 7. Be2 O-O 8. O-O
Nc6 9. h3 a6 10. Qd2 Bd7 11. f4 Rc8 12. Nf3 Qc7 13. Rad1 b5 14. a3 Be6 15. Bd3
Na5 16. Rf2 Bc4 17. g4 Bxd3 18. cxd3 Nb3 19. Qe2 Nc5 20. Rc1 Qb7 21. Qd1 b4 22.
Na2 a5 23. Rc4 Ncd7 24. Rfc2 Rxc4 25. Rxc4 d5 26. exd5 Nxd5 27. Qd2 b3 28. Nc1
Nxe3 29. Qxe3 Bxb2 30. Nd2 Nb6 31. Rc5 Bxa3 32. Rxa5 Bxc1 33. Rb5 Qa7 34. Rxb6
Bxd2 35. Rxg6+ hxg6 36. Qxa7 Bxf4 37. Qa1 Rb8 38. Qb2 Be3+ 39. Kf1 Bd4 40. Qc1
b2 41. Qc2 Ra8 42. Ke2 Ra1 43. Qc8+ Kg7 44. Qc4 Bf6 45. g5 b1=Q 46. gxf6+ exf6
0-1

[Event "XXX Ogolnopolski Turniej Juniorow FERIE 2013"]
[Site "Bydgoszcz"]
[Date "1899-12-30"]
[Round "3.3"]
[White "Budnik, Mateusz"]
[Black "Kowalski, Roman"]
[Result "1-0"]
[WhiteTitle "II"]
[BlackTitle "II"]
[WhiteElo "1698"]
[BlackElo "1602"]

1. f4 d5 2. b3 Nc6 3. Bb2 Bf5 4. e3 Qd7 5. Nf3 f6 6. Bb5 a6 7. Bxc6 Qxc6 8. Nd4
Qd7 9. Nxf5 Qxf5 10. O-O e6 11. Nc3 Bd6 12. Ne2 Ne7 13. Nd4 Qg6 14. Nxe6 c5 15.
f5 Nxf5 16. Rxf5 Ke7 17. Qf3 Kxe6 18. Qxd5+ Ke7 19. Qxb7+ Ke6 20. Qd5+ Ke7 21.
Raf1 Rad8 22. Qe4+ Kd7 23. Qb7+ Ke8 24. Qc6+ Ke7 25. Qxa6 Qh6 26. Qb7+ Rd7 27.
Qe4+ Kf7 28. h3 Re8 29. Qf3 Re6 30. Bc3 Qg6 31. Qh5 Ra7 32. a4 Ke7 33. Qxg6 hxg6
34. R5f3 c4 35. a5 Re4 36. b4 Kd7 37. b5 Bc5 38. Ra1 Kc8 39. b6 Ra6 40. Rff1 Kb7
41. Rfb1 Ra8 42. Rb5 Bd6 43. Bb4 Be5 44. c3 g5 45. Rd5 Kc6 46. Rc5+ Kb7 47. Kf2
g4 48. hxg4 Rxg4 49. Rh1 Rd8 50. Rd1 Ka6 51. Rc6 Rd7 52. Re6 g5 53. Re8 Kb7 54.
Re7 Rxe7 55. Bxe7 Rh4 56. Rb1 Rh7 57. Bc5 Rf7 58. Rb4 Ka6 59. Bd4 Bd6 60. Rxc4
Kxa5 61. Rc6 Bb8 62. Rxf6 Rxf6+ 63. Bxf6 1-0

[Event "XXX Ogolnopolski Turniej Juniorow FERIE 2013"]
[Site "Bydgoszcz"]
[Date "1899-12-30"]
[Round "3.4"]
[White "Losinska, Aleksandra"]
[Black "Dobosz, Kacper"]
[Result "0-1"]
[WhiteTitle "III"]
[BlackTitle "II"]
[WhiteElo "1190"]
[BlackElo "1609"]

1. e4 c5 2. Nf3 Nc6 3. d4 cxd4 4. Nxd4 g6 5. Nc3 Bg7 6. Nxc6 bxc6 7. Bd2 d6 8.
Bc4 Nf6 9. Bf4 O-O 10. O-O Bd7 11. e5 dxe5 12. Bxe5 Ng4 13. Bxg7 Kxg7 14. h3 Nf6
15. Qd4 Bf5 16. Qxd8 Rfxd8 17. Bb3 Rd2 18. Rfd1 Rad8 19. Rxd2 Rxd2 20. Rd1 Ne4
21. Rxd2 Nxd2 22. f3 e5 23. Kf2 Nxb3 24. cxb3 Kf6 25. Ne4+ Bxe4 26. fxe4 Kg5 27.
Kg3 f5 28. exf5 gxf5 29. a4 e4 30. b4 f4+ 31. Kf2 Kh4 32. b3 h5 33. b5 cxb5 34.
axb5 Kg5 35. g3 fxg3+ 36. Kxg3 h4+ 37. Kf2 Kf4 38. b4 e3+ 39. Ke2 Ke4 40. Ke1
Kf3 41. Kf1 Kg3 42. Ke2 Kxh3 43. Kxe3 Kg2 44. Kf4 h3 45. Ke3 h2 46. Kd4 h1=Q 0-1

[Event "XXX Ogolnopolski Turniej Juniorow FERIE 2013"]
[Site "Bydgoszcz"]
[Date "1899-12-30"]
[Round "3.5"]
[White "Okonski, Mateusz"]
[Black "Walczak, Mikolaj"]
[Result "1-0"]
[WhiteTitle "III"]
[BlackTitle "III"]
[WhiteElo "1579"]
[BlackElo "1399"]

1. d4 Nf6 2. c4 g6 3. Nc3 Bg7 4. Nf3 O-O 5. e4 d6 6. Be2 e5 7. d5 Nbd7 8. h3 Nc5
9. Qc2 a5 10. O-O Ne8 11. Be3 f5 12. Bxc5 dxc5 13. exf5 gxf5 14. Rad1 Nd6 15.
Nd2 Qg5 16. Nb5 f4 17. Nf3 Qe7 18. Nxd6 cxd6 19. Bd3 Bh6 20. Nh2 f3 21. Nxf3 Rxf3
22. gxf3 Qg7+ 23. Kh1 Qd7 24. Rg1+ Kf8 25. Rg2 Qxh3+ 26. Rh2 Qxf3+ 27. Kg1 Qg4+
28. Kf1 Bg5 29. Rxh7 Kg8 30. Qe2 Qxe2+ 31. Kxe2 Bg4+ 32. f3 Bxf3+ 33. Kxf3 Rf8+
34. Ke2 1-0